Linfield, Susie. The Cruel Radiance. - Chicago [u.a.] : Univ. of Chicago Press. - 2010 [Rezension]
| Titel: | Linfield, Susie. The Cruel Radiance. - Chicago [u.a.] : Univ. of Chicago Press. - 2010 [Rezension] |
|---|---|
| Verfasser: | |
| In: |
Journal of genocide research, Band 14, Heft 1 (2012), Seite 130-136 alle Artikel anzeigen |
| Veröffentlicht: | 2012 |
| Format: | Aufsatz |
| Sprache: | Englisch |
| Hinweise zum Inhalt: |
zusätzliche Angaben
|
X
alg: 39499567
001A $01999:12-11-16
001B $01999:04-08-21 $t21:01:34.000
001D $01999:12-11-16
001U $0utf8
001X $00
002@ $0Aox
003@ $0394995678
007A $0394995678 $aHEB
007T $0Herdc0078065m
009P $A2 $3zusätzliche Angaben $uhttp://www.tandfonline.com/doi/pdf/10.1080/14623528.2012.656909
010@ $aeng
011@ $a2012
021A $aLinfield, Susie. The @Cruel Radiance. - Chicago {[u.a.] : Univ. of Chicago Press. - 2010 [Rezension]
028A $aBalakian $dPeter
031A $d14 $e1 $h130-136 $j2012
039B $aIn $8--Abvc--. Journal of genocide research. - Abingdon, Oxfordshire : Routledge, 1999-. - ISSN 1462-3528 $x201200000140001870 $9071389202
039T $8--Aau--Linfield, Susie [Tp3]. The @cruel radiance. - Chicago, Ill.{[u.a.] : Univ. of Chicago Press, 2010. - XVIII, 321 S.. - Ill.. - ISBN 978-0-226-48250-7 $939542092X
045F $a900.9438 $eDDC23BSB
045F/01 $a900
045F/03 $g438
045T $aJUDAICA $qDE-30 $2FID
045T $a7,7 $a8
lok: 39499567 78
exp: 39499567 78 1 #EPN
201B/01 $018-11-16 $t13:22:50.000
201U/01 $0utf8
203@/01 $0791294293
208@/01 $a12-11-16 $be
209A/01 $a/ $f000 $x00
220C/01 $aTitelaufnehmer: pg
220C/01 $aHerkunft: HI Marburg
244Z/01 $2Trx $#Poola $#Lenkija $#Polija $#Polen Land $#Poland $#Lengyelország $#Poľsko $#Polsko $8--Trx--Polska$gkraj $x01 $9391345966
244Z/01 $2Trx $#arvustused $#recenzijos $#Reviews $#recenziók $#recenzje $#recenzie $#recenze $8--Trx--Rezensionen $x02 $9391357441
244Z/01 $2Trx $8--Trx--elektronische Ressource $x03 $939138452X
247C/01 $82080>Marburg/Lahn, Herder-Institut, Forschungsbibliothek, Bibliographieportal $9336309341
| LEADER | 00000caa a22000002c 4500 | ||
|---|---|---|---|
| 001 | 394995678 | ||
| 003 | DE-603 | ||
| 005 | 20210804210134.0 | ||
| 007 | tu | ||
| 008 | 161112s2012 xx |||| | u00||u|eng c | ||
| 035 | |a (DE-599)HEB394995678 | ||
| 040 | |a DE-603 |b ger |c DE-603 |d DE-603 | ||
| 041 | |a eng | ||
| 082 | 0 | 4 | |8 1\u |a 900.9438 |q DE-101 |2 23/BSB |
| 084 | |a JUDAICA |q DE-30 |2 fid | ||
| 084 | |a 7,7 |a 8 |2 ssgn | ||
| 085 | |8 1\u |b 900 | ||
| 085 | |8 1\u |z 2 |s 438 | ||
| 100 | 1 | |a Balakian, Peter | |
| 245 | 0 | 0 | |a Linfield, Susie. The Cruel Radiance. - Chicago [u.a.] : Univ. of Chicago Press. - 2010 [Rezension] |
| 264 | 0 | |c 2012 | |
| 773 | 0 | 8 | |i In |t Journal of genocide research |d Abingdon, Oxfordshire : Routledge, 1999- |x 1462-3528 |g Band 14, Heft 1 (2012), Seite 130-136 |w (DE-603)071389202 |w (DE-600)1452128-3 |
| 787 | 0 | 8 | |i Rezension von |a Linfield, Susie |t The cruel radiance |d Chicago, Ill.[u.a.] : Univ. of Chicago Press, 2010 |h XVIII, 321 S., Ill. |z 9780226482507 |z 0226482502 |w (DE-603)39542092X |
| 856 | 4 | 2 | |u http://www.tandfonline.com/doi/pdf/10.1080/14623528.2012.656909 |3 zusätzliche Angaben |
| 924 | 0 | |9 2080 |a (DE-603)791294293 |b DE-2080 |c HES |d d |g / | |


